Pays dont la capitale commence par V - Statistiques

Statistiques générales
  • Ce quiz a été pris 111 fois
  • Le résultat moyen est 5 sur 7
Answers on the Grid
Answers color-coded by a green-red scale on the quiz's grid according to % correct below.
Liechtenstein
Pologne
Vatican
Seychelles
Autriche
Laos
Lituanie
Vanuatu
Espagne
Bulgarie
Albanie
Maurice
 
Statistiques - réponses
Réponse % Correct
Varsovie Pologne
92%
Vatican Vatican
90%
Vienne Autriche
89%
Vilnius Lituanie
78%
Vaduz Liechtenstein
72%
Vientiane Laos
60%
Victoria Seychelles
52%
Aucun quiz correspondant
Distribution des résultats
% des personnes avec chaque résultat
Percentile par nombre de réponses
Votre historique - résultats
Vous n’avez pas pris ce quiz